[Event "FRA-chT Top 16 Haute"]
[Site "Belfort"]
[Date "2025.06.01"]
[Round "4.8"]
[White "Milliet, Sophie"]
[Black "Bensdorp, Marlies"]
[Result "0-1"]
[WhiteElo "2364"]
[BlackElo "2208"]
[PlyCount "122"]
[EventDate "2025.05.29"]
[EventType "team-tourn"]
[EventRounds "4"]
[EventCountry "FRA"]
[SourceTitle "CB23_2025"]
[SourceDate "2025.06.04"]
[SourceVersion "1"]
[SourceVersionDate "2025.06.04"]
[SourceQuality "1"]
[WhiteTeam "Grasse Echecs"]
[BlackTeam "Cannes"]
[WhiteTeamCountry "FRA"]
[BlackTeamCountry "FRA"]

1. e4 e6 2. d4 d5 3. e5 c5 4. c3 Nc6 5. Nf3 Qc7 6. Na3 a6 7. Bd3 Bd7 8. 0-0 cxd4 9. cxd4 Nb4 10. Be2 Rc8 11. Bd2 Qb6 12. Qb3 a5 13. Rfc1 Rxc1+ 14. Rxc1 Nh6 15. Qc3 Bc6 16. Ra1 Be7 17. Bxh6 gxh6 18. Qd2 Bf8 19. Nb1 Bb5 20. Nc3 Bxe2 21. Nxe2 Nc6 22. a3 Rg8 23. Qc2 Rg7 24. Rd1 Be7 25. h3 Kd7 26. Nf4 Qb5 27. Rd3 a4 28. Rc3 Qa6 29. Nh5 Rg6 30. g3 Qa5 31. Kh2 Ke8 32. Nf4 Rg7 33. Nh5 Rg6 34. Kg2 Kf8 35. Qd2 Qa7 36. Qf4 Qb6 37. Qc1 Ke8 38. Qc2 Qa7 39. Nf4 Rg7 40. Nh5 Rg6 41. b3 axb3 42. Qxb3 Kd7 43. Qc2 Ke8 44. Qc1 Kf8 45. Rb3 Ke8 46. Qb1 Nd8 47. Nf6+ Bxf6 48. exf6 Rxf6 49. Qxh7 Ke7 50. Qc2 Nc6 51. Qb2 Nd8 52. Ne5 Rf5 53. Qc1 Nc6 54. Qxc6 Rxf2+ 55. Kg1 Qxd4 56. Qc7+ Kf8 57. Qc5+ Qxc5 58. Nd7+ Ke7 59. Nxc5 Rc2 60. Nd3 Kf6 61. Ne5 Kxe5 0-1

[Event "FRA-chT Top 16 Haute"]
[Site "Belfort"]
[Date "2025.05.31"]
[Round "3.5"]
[White "Milliet, Sophie"]
[Black "Bellahcene, Bilel"]
[Result "1/2-1/2"]
[WhiteElo "2364"]
[BlackElo "2504"]
[PlyCount "22"]
[EventDate "2025.05.29"]
[EventType "team-tourn"]
[EventRounds "4"]
[EventCountry "FRA"]
[SourceTitle "CB23_2025"]
[SourceDate "2025.06.04"]
[SourceVersion "1"]
[SourceVersionDate "2025.06.04"]
[SourceQuality "1"]
[WhiteTeam "Grasse Echecs"]
[BlackTeam "Tremblay en France"]
[WhiteTeamCountry "FRA"]
[BlackTeamCountry "FRA"]

1. d4 Nf6 2. c4 g6 3. Nc3 Bg7 4. e4 d6 5. Nf3 0-0 6. Be2 e5 7. dxe5 dxe5 8. Qxd8 Rxd8 9. Nd5 Nxd5 10. cxd5 c6 11. Bc4 b5 1/2-1/2

[Event "EU-ch (Women) 25th"]
[Site "Rhodes"]
[Date "2025.04.09"]
[Round "9"]
[White "Arabidze, Meri"]
[Black "Milliet, Sophie"]
[Result "1/2-1/2"]
[WhiteElo "2447"]
[BlackElo "2359"]
[PlyCount "106"]
[EventDate "2025.03.31"]
[EventType "swiss"]
[EventRounds "11"]
[EventCountry "GRE"]
[SourceTitle "CB16_2025"]
[SourceDate "2025.04.16"]
[SourceVersion "1"]
[SourceVersionDate "2025.04.16"]
[SourceQuality "1"]

1. c4 e5 2. g3 c6 3. Nf3 e4 4. Nd4 d5 5. cxd5 Qxd5 6. Nc2 Nf6 7. Nc3 Qe5 8. Bg2 Na6 9. 0-0 Be7 10. Ne3 Be6 11. Qc2 Nb4 12. Qb1 h5 13. a3 Nbd5 14. Nexd5 cxd5 15. d3 h4 16. Bf4 Qh5 17. dxe4 hxg3 18. Bxg3 d4 19. e5 dxc3 20. exf6 Bxf6 21. bxc3 0-0 22. Bf3 Bg4 23. Qxb7 Bxf3 24. exf3 Bxc3 25. Rad1 a6 26. Rd7 Rad8 27. Kg2 Qb5 28. Rc7 Qxb7 29. Rxb7 Rd5 30. Rc1 Be5 31. Rc4 Ra5 32. a4 Rd8 33. Re4 Bxg3 34. hxg3 Rf5 35. Ra7 Rf6 36. Re5 g6 37. f4 Rd4 38. Ra5 Rdd6 39. Kf3 Kg7 40. Kg4 Rc6 41. Ra8 Rfd6 42. Ra7 Rf6 43. f3 Rb6 44. Kg5 Rbc6 45. Re7 Rc3 46. Ra7 Rcc6 47. g4 Rcd6 48. f5 gxf5 49. gxf5 Rc6 50. Rd5 Rc1 51. Ra5 Rcc6 52. Ra8 Rfd6 53. Ra7 Rf6 1/2-1/2

[Event "EU-ch (Women) 25th"]
[Site "Rhodes"]
[Date "2025.04.05"]
[Round "6"]
[White "Milliet, Sophie"]
[Black "Socko, Monika"]
[Result "1-0"]
[WhiteElo "2359"]
[BlackElo "2369"]
[PlyCount "117"]
[EventDate "2025.03.31"]
[EventType "swiss"]
[EventRounds "11"]
[EventCountry "GRE"]
[SourceTitle "CB16_2025"]
[SourceDate "2025.04.16"]
[SourceVersion "1"]
[SourceVersionDate "2025.04.16"]
[SourceQuality "1"]

1. e4 c6 2. d4 d5 3. e5 c5 4. dxc5 e6 5. Be3 Nd7 6. Nf3 Bxc5 7. Bxc5 Nxc5 8. Qd4 Qb6 9. Nbd2 Ne7 10. Nb3 Nxb3 11. axb3 Qxd4 12. Nxd4 Bd7 13. f4 0-0 14. Bd3 Nc6 15. Nxc6 Bxc6 16. 0-0-0 a5 17. Rhf1 b5 18. g4 b4 19. f5 Rfb8 20. Rf4 Bb5 21. Kd2 Bxd3 22. Kxd3 Rb5 23. fxe6 fxe6 24. Rdf1 Rb7 25. g5 Rc8 26. h4 Rbc7 27. R1f2 Rc5 28. h5 d4 29. Re2 Rf8 30. Rxf8+ Kxf8 31. g6 hxg6 32. hxg6 Ke8 33. Ke4 d3 34. cxd3 Rc1 35. Rg2 Rf1 36. Kd4 Rf5 37. Rg1 Kd7 38. Ra1 Kc6 39. Rxa5 Rf4+ 40. Ke3 Rg4 41. d4 Kb6 42. Ra8 Rxg6 43. Kd3 Kb7 44. Rg8 Kc6 45. Kc4 Rg2 46. Rd8 Kc7 47. Rd6 Rg6 48. Kxb4 Rh6 49. Kc5 g5 50. b4 g4 51. b5 Rg6 52. b6+ Kb7 53. Rd7+ Kb8 54. Kc6 Rg8 55. Rb7+ Ka8 56. Ra7+ Kb8 57. Ra1 Rg7 58. Rf1 Rg8 59. b7 1-0

[Event "EU-ch (Women) 25th"]
[Site "Rhodes"]
[Date "2025.04.01"]
[Round "2"]
[White "Milliet, Sophie"]
[Black "Yildiz, Elif Zeren"]
[Result "1-0"]
[WhiteElo "2359"]
[BlackElo "2103"]
[PlyCount "117"]
[EventDate "2025.03.31"]
[EventType "swiss"]
[EventRounds "11"]
[EventCountry "GRE"]
[SourceTitle "CB16_2025"]
[SourceDate "2025.04.16"]
[SourceVersion "1"]
[SourceVersionDate "2025.04.16"]
[SourceQuality "1"]

1. d4 Nf6 2. c4 e6 3. g3 d5 4. Bg2 Be7 5. Nf3 0-0 6. 0-0 dxc4 7. Qc2 b5 8. a4 b4 9. Nfd2 Nd5 10. Nxc4 c5 11. dxc5 Bxc5 12. e4 Nb6 13. Rd1 N8d7 14. Nxb6 axb6 15. Nd2 Bb7 16. Nb3 Qe7 17. Bf4 Rfc8 18. Qd2 Bc6 19. Nxc5 bxc5 20. Bd6 Qd8 21. b3 Qb6 22. Rac1 Ra5 23. Qe3 h6 24. Bf1 Qa7 25. h4 Qb6 26. Be2 Qb7 27. f3 Qb6 28. Kf2 Qa7 29. g4 Bb7 30. h5 Ba6 31. Bxa6 Rxa6 32. Rc4 f6 33. f4 e5 34. g5 exf4 35. Qxf4 Ne5 36. Qf5 Qd7 37. Bxe5 Qxf5+ 38. exf5 fxe5 39. g6 Rf6 40. Ke3 Rxf5 41. Rd7 Rxh5 42. Rxc5 Rh3+ 43. Ke4 Rh4+ 44. Kd5 Re8 45. Rcc7 Rd4+ 46. Kc5 Rxd7 47. Rxd7 e4 48. a5 e3 49. Rd1 e2 50. Re1 Kf8 51. Kxb4 h5 52. Kc4 h4 53. b4 h3 54. a6 Rc8+ 55. Kb5 h2 56. a7 Re8 57. Kc5 Rc8+ 58. Kb6 Re8 59. b5 1-0

[Event "EU-Cup 39th"]
[Site "Vrnjacka Banja"]
[Date "2024.10.25"]
[Round "6.1"]
[White "Cornelisse, Johnny JA"]
[Black "Milliet, Sophie"]
[Result "1/2-1/2"]
[WhiteElo "2212"]
[BlackElo "2356"]
[PlyCount "126"]
[EventDate "2024.10.20"]
[EventType "team-swiss"]
[EventRounds "7"]
[EventCountry "SRB"]
[SourceTitle "CB44_2024"]
[Source "Chessbase"]
[SourceDate "2024.10.30"]
[SourceVersion "1"]
[SourceVersionDate "2024.10.30"]
[SourceQuality "1"]
[WhiteTeam "Paul Keres II"]
[BlackTeam "Wachtebeke"]
[WhiteTeamCountry "NED"]
[BlackTeamCountry "BEL"]

1. Nf3 d5 2. g3 Nf6 3. Bg2 e6 4. 0-0 Be7 5. c4 0-0 6. b3 d4 7. e3 c5 8. exd4 cxd4 9. Ne5 Qc7 10. Re1 Nfd7 11. Qe2 Nxe5 12. Qxe5 Qxe5 13. Rxe5 Nd7 14. Re4 Nc5 15. Rxd4 Bf6 16. Bb2 Nd3 17. Bc3 Bxd4 18. Bxd4 Rd8 19. Be3 Ne1 20. Be4 f5 21. Nc3 Nd3 22. Bg2 Nb4 23. Rc1 a5 24. a3 Nc6 25. Nb5 Rd3 26. Nc7 Rb8 27. Rb1 a4 28. bxa4 Bd7 29. Nb5 Na5 30. Bf1 Rb3 31. Rc1 Nc6 32. d4 Ra8 33. d5 Nd8 34. Bb6 Rc8 35. Rd1 Nf7 36. dxe6 Bxe6 37. c5 Rb2 38. Nd4 Bd7 39. a5 Nd8 40. Bg2 Nc6 41. Nxc6 Bxc6 42. Bxc6 bxc6 43. a6 Ra2 44. Rd3 g5 45. a7 g4 46. Kf1 Ra8 47. Rd7 Rxa3 48. Ke2 Re8+ 49. Kd2 Ra2+ 50. Kd3 Ra3+ 51. Kc2 Re2+ 52. Kd1 Rea2 53. Ke1 Ra1+ 54. Ke2 R1a2+ 55. Kf1 h5 56. Re7 Kf8 57. Rh7 Kg8 58. Rd7 Kf8 59. Kg2 Rf3 60. Rd2 Rfa3 61. Rd7 Rf3 62. Rd2 Rfa3 63. Rd7 Rf3 1/2-1/2

[Event "EU-Cup 39th"]
[Site "Vrnjacka Banja"]
[Date "2024.10.23"]
[Round "4.1"]
[White "Skytte, Rasmus"]
[Black "Milliet, Sophie"]
[Result "1-0"]
[WhiteElo "2348"]
[BlackElo "2356"]
[PlyCount "55"]
[EventDate "2024.10.20"]
[EventType "team-swiss"]
[EventRounds "7"]
[EventCountry "SRB"]
[SourceTitle "CB44_2024"]
[Source "Chessbase"]
[SourceDate "2024.10.30"]
[SourceVersion "1"]
[SourceVersionDate "2024.10.30"]
[SourceQuality "1"]
[WhiteTeam "Aarhus Skolerne"]
[BlackTeam "Wachtebeke"]
[WhiteTeamCountry "DEN"]
[BlackTeamCountry "BEL"]

1. e4 c5 2. Nf3 d6 3. Bc4 Nf6 4. d3 Nc6 5. c3 g6 6. 0-0 Bg7 7. a4 0-0 8. Re1 d5 9. exd5 Nxd5 10. a5 e6 11. a6 b6 12. Na3 Nc7 13. Qe2 Bd7 14. Bf4 Qc8 15. Nb5 Nxb5 16. Bxb5 Rd8 17. Bc4 Be8 18. h4 Nb8 19. Ng5 Bd7 20. h5 b5 21. Ba2 Nxa6 22. hxg6 hxg6 23. Qf3 Qc6 24. Qh3 Kf8 25. Qh7 Re8 26. Rxe6 Qb7 27. Rxg6 fxg6 28. Qg8+ 1-0

[Event "EU-Cup 39th"]
[Site "Vrnjacka Banja"]
[Date "2024.10.22"]
[Round "3.1"]
[White "Milliet, Sophie"]
[Black "Finek, Vaclav"]
[Result "1-0"]
[WhiteElo "2356"]
[BlackElo "2477"]
[PlyCount "77"]
[EventDate "2024.10.20"]
[EventType "team-swiss"]
[EventRounds "7"]
[EventCountry "SRB"]
[SourceTitle "CB44_2024"]
[Source "Chessbase"]
[SourceDate "2024.10.30"]
[SourceVersion "1"]
[SourceVersionDate "2024.10.30"]
[SourceQuality "1"]
[WhiteTeam "Wachtebeke"]
[BlackTeam "Dunajska Streda"]
[WhiteTeamCountry "BEL"]
[BlackTeamCountry "SVK"]

1. e4 e5 2. Nf3 Nc6 3. Bc4 Nf6 4. d3 Bc5 5. c3 d6 6. Bg5 h6 7. Bh4 a6 8. Nbd2 Ba7 9. a4 Qe7 10. 0-0 0-0 11. Re1 Be6 12. Bxe6 fxe6 13. b4 Qf7 14. b5 Ne7 15. Nc4 g5 16. Bg3 Nh5 17. b6 Bxb6 18. Nxb6 cxb6 19. Qb3 g4 20. Nd2 Ng6 21. Nc4 Nxg3 22. fxg3 Qe7 23. Qxb6 Rad8 24. Rf1 Rxf1+ 25. Rxf1 Rd7 26. Qf2 Kg7 27. a5 h5 28. d4 Rc7 29. Nb6 Rxc3 30. d5 Rc5 31. Qd2 Rc7 32. Rd1 Rc5 33. dxe6 Qxe6 34. Nd5 Rc4 35. Rb1 Qc8 36. Qg5 Qc6 37. Ne7 Qxe4 38. Nf5+ Kg8 39. Qxg6+ 1-0

[Event "Olympiad Women-45"]
[Site "Budapest"]
[Date "2024.09.20"]
[Round "9.2"]
[White "Javakhishvili, Lela"]
[Black "Milliet, Sophie"]
[Result "1/2-1/2"]
[WhiteElo "2446"]
[BlackElo "2348"]
[PlyCount "72"]
[EventDate "2024.09.11"]
[EventType "team-swiss"]
[EventRounds "11"]
[EventCountry "HUN"]
[SourceTitle "EXT 2025"]
[Source "ChessBase"]
[SourceDate "2024.10.14"]
[SourceVersion "1"]
[SourceVersionDate "2024.10.14"]
[SourceQuality "1"]
[WhiteTeam "Georgia (W)"]
[BlackTeam "France (W)"]
[WhiteTeamCountry "GEO"]
[BlackTeamCountry "FRA"]

1. d4 Nf6 2. Nf3 d5 3. e3 a6 4. Nbd2 Bf5 5. c4 c6 6. Qb3 Qc7 7. Nh4 Bg6 8. Nxg6 hxg6 9. g3 Nbd7 10. cxd5 cxd5 11. Bg2 e6 12. 0-0 Be7 13. e4 Nb6 14. a4 a5 15. h4 0-0 16. e5 Nfd7 17. Qd1 Rfc8 18. h5 gxh5 19. Qxh5 Qc2 20. Bf3 Nf8 21. Bd1 Qg6 22. Qe2 Nh7 23. Kg2 Rc6 24. Rh1 Ng5 25. Bb3 Rac8 26. Nf3 Qe4 27. Qxe4 Nxe4 28. Bf4 Nc4 29. Rh5 g6 30. Rh2 g5 31. Rah1 gxf4 32. Rh8+ Kg7 33. R8h7+ Kf8 34. Rh8+ Kg7 35. R8h7+ Kf8 36. Rh8+ Kg7 1/2-1/2

[Event "Olympiad Women-45"]
[Site "Budapest"]
[Date "2024.09.16"]
[Round "6.12"]
[White "Lakos, Nikoletta"]
[Black "Milliet, Sophie"]
[Result "1/2-1/2"]
[WhiteElo "2192"]
[BlackElo "2348"]
[PlyCount "42"]
[EventDate "2024.09.11"]
[EventType "team-swiss"]
[EventRounds "11"]
[EventCountry "HUN"]
[SourceTitle "EXT 2025"]
[Source "ChessBase"]
[SourceDate "2024.10.14"]
[SourceVersion "1"]
[SourceVersionDate "2024.10.14"]
[SourceQuality "1"]
[WhiteTeam "Hungary (W) II"]
[BlackTeam "France (W)"]
[WhiteTeamCountry "HUN"]
[BlackTeamCountry "FRA"]

1. e4 c5 2. Nf3 e6 3. g3 Nc6 4. Bg2 Nf6 5. Nc3 d6 6. d4 cxd4 7. Nxd4 Bd7 8. 0-0 Be7 9. h3 0-0 10. Kh2 Nxd4 11. Qxd4 Bc6 12. a4 a6 13. a5 Rc8 14. Rd1 Nd7 15. Be3 Qc7 16. f4 Kh8 17. Qd2 Rcd8 18. Bd4 Bf6 19. Be3 Be7 20. Bd4 Bf6 21. Be3 Be7 1/2-1/2

[Event "Olympiad Women-45"]
[Site "Budapest"]
[Date "2024.09.12"]
[Round "2.14"]
[White "Milliet, Sophie"]
[Black "Wagener, Anna"]
[Result "1/2-1/2"]
[WhiteElo "2348"]
[BlackElo "2251"]
[PlyCount "147"]
[EventDate "2024.09.11"]
[EventType "team-swiss"]
[EventRounds "11"]
[EventCountry "HUN"]
[SourceTitle "EXT 2025"]
[Source "ChessBase"]
[SourceDate "2024.10.14"]
[SourceVersion "1"]
[SourceVersionDate "2024.10.14"]
[SourceQuality "1"]
[WhiteTeam "France (W)"]
[BlackTeam "Luxembourg (W)"]
[WhiteTeamCountry "FRA"]
[BlackTeamCountry "LUX"]

1. d4 f5 2. Bf4 Nf6 3. e3 d6 4. Nc3 c6 5. Bc4 d5 6. Bd3 e6 7. Nf3 Be7 8. 0-0 0-0 9. Ne2 Ne4 10. c4 Nd7 11. Ne5 Nxe5 12. Bxe5 Bd7 13. Qc2 Rc8 14. f3 Nf6 15. e4 dxc4 16. Bxc4 b5 17. Bd3 fxe4 18. Bxe4 Nxe4 19. Qxe4 c5 20. Rad1 cxd4 21. Nxd4 Bc5 22. Kh1 Qg5 23. f4 Qg4 24. h3 Qg6 25. Qxg6 hxg6 26. Nb3 Rf7 27. Nxc5 Rxc5 28. Rc1 Rd5 29. h4 b4 30. Rf3 Bb5 31. Rb3 a5 32. a3 bxa3 33. bxa3 Rfd7 34. Rc8+ Kf7 35. Kh2 Ba6 36. Ra8 Bb7 37. Rb8 Ba6 38. Ra8 Bb7 39. Rb8 Ba6 40. Rg3 Bd3 41. h5 Be4 42. Rh8 Rd8 43. hxg6+ Bxg6 44. Rxd8 Rxd8 45. Rc3 Rd7 46. Rc5 Ra7 47. g4 Be4 48. Kg3 a4 49. Kh4 Bd5 50. Kg5 Bb3 51. Rc8 Rb7 52. Bd6 Rb5+ 53. Bc5 g6 54. Kh6 e5 55. fxe5 Ke6 56. Bd6 Bd1 57. Kg5 Rb3 58. Rc1 Rd3 59. Rc4 Rg3 60. Rd4 Bc2 61. Rf4 Rg2 62. Kh6 Rh2+ 63. Kg7 g5 64. Rf6+ Kd5 65. Bb8 Rh7+ 66. Kg8 Rb7 67. Bd6 Bd1 68. Rg6 Bxg4 69. Rxg5 Be6+ 70. Kf8 Rh7 71. Rg1 Bf5 72. Rg7 Rxg7 73. Kxg7 Ke6 74. Kf8 1/2-1/2

[Event "FRA-chT Top 16 GpA"]
[Site "Chartres"]
[Date "2024.06.05"]
[Round "7.8"]
[White "Fischer, Julie"]
[Black "Milliet, Sophie"]
[Result "0-1"]
[WhiteElo "2091"]
[BlackElo "2385"]
[PlyCount "116"]
[EventDate "2024.05.30"]
[EventType "team-tourn"]
[EventRounds "7"]
[EventCountry "FRA"]
[SourceTitle "CBM 220 Extra"]
[Source "ChessBase"]
[SourceDate "2024.07.31"]
[SourceVersion "1"]
[SourceVersionDate "2024.07.31"]
[SourceQuality "1"]
[WhiteTeam "Metz Fischer"]
[BlackTeam "Grasse Echecs"]
[WhiteTeamCountry "FRA"]
[BlackTeamCountry "FRA"]

1. e4 c5 2. Nf3 e6 3. b3 a6 4. Bb2 Nc6 5. e5 b6 6. Bd3 Bb7 7. 0-0 Nb4 8. Be2 Ne7 9. d4 Nf5 10. c4 cxd4 11. Nxd4 Nxd4 12. Bxd4 Nc6 13. Bf3 Qc7 14. Bb2 d6 15. Qe2 Be7 16. exd6 Bxd6 17. h3 0-0 18. Nd2 Rad8 19. Rad1 Bc5 20. Bxc6 Qxc6 21. Nf3 f6 22. Rd2 Rxd2 23. Qxd2 Qc8 24. Qe2 Rd8 25. Rd1 e5 26. a3 a5 27. Ne1 Rd6 28. Rxd6 Bxd6 29. f3 f5 30. Kh1 Qe6 31. Qd2 Bc7 32. Nc2 e4 33. Qd4 Qg6 34. f4 Bc6 35. Ne3 Bxf4 36. Nxf5 Bg5 37. Qe5 h6 38. Nd4 Bf6 39. Qe6+ Kh7 40. Qxc6 e3 41. Ne2 Bxb2 42. Qxg6+ Kxg6 43. g4 Bxa3 44. Kg2 Bc5 45. Kf3 Kf6 46. Kf4 Ke6 47. Ke4 Kd6 48. h4 Kc6 49. Nc3 Bb4 50. Ne2 Bd2 51. h5 Kc5 52. Kd3 Kb4 53. Nd4 Bc3 54. Ne2 Bf6 55. Kc2 a4 56. Nc1 axb3+ 57. Nxb3 e2 58. Nc1 e1N+ 0-1

[Event "FRA-chT Top 16 GpA"]
[Site "Chartres"]
[Date "2024.06.04"]
[Round "6.32"]
[White "Milliet, Sophie"]
[Black "Broly, Mathilde"]
[Result "0-1"]
[WhiteElo "2385"]
[BlackElo "2097"]
[PlyCount "68"]
[EventDate "2024.05.30"]
[EventType "team-tourn"]
[EventRounds "7"]
[EventCountry "FRA"]
[SourceTitle "CBM 220 Extra"]
[Source "ChessBase"]
[SourceDate "2024.07.31"]
[SourceVersion "1"]
[SourceVersionDate "2024.07.31"]
[SourceQuality "1"]
[WhiteTeam "Grasse Echecs"]
[BlackTeam "Clichy Echecs 92"]
[WhiteTeamCountry "FRA"]
[BlackTeamCountry "FRA"]

1. e4 e5 2. Nf3 Nc6 3. Bc4 Bc5 4. d3 Nf6 5. a4 a6 6. 0-0 0-0 7. Be3 Bxe3 8. fxe3 d5 9. exd5 Nxd5 10. Qe1 Be6 11. Nbd2 Ndb4 12. Rc1 Bxc4 13. Nxc4 e4 14. dxe4 Qe7 15. Ncd2 Rad8 16. Qf2 Ne5 17. Nd4 g6 18. Qg3 Kh8 19. Rf2 c5 20. N4f3 Nxf3+ 21. gxf3 f5 22. e5 f4 23. exf4 Nd5 24. Qg5 Qc7 25. Re1 Nxf4 26. Qh6 Rf5 27. Nc4 Rg5+ 28. Kf1 Qe7 29. h4 Rf5 30. Nd6 Rxe5 31. Rxe5 Qxe5 32. Nf7+ Kg8 33. Rd2 Kxf7 34. Qxh7+ Kf6 0-1

[Event "FRA-chT Top 16 GpA"]
[Site "Chartres"]
[Date "2024.05.30"]
[Round "1.16"]
[White "Delorme, Laurie"]
[Black "Milliet, Sophie"]
[Result "0-1"]
[WhiteElo "2075"]
[BlackElo "2385"]
[PlyCount "84"]
[EventDate "2024.05.30"]
[EventType "team-tourn"]
[EventRounds "7"]
[EventCountry "FRA"]
[SourceTitle "CBM 220 Extra"]
[Source "ChessBase"]
[SourceDate "2024.07.31"]
[SourceVersion "1"]
[SourceVersionDate "2024.07.31"]
[SourceQuality "1"]
[WhiteTeam "Marseille"]
[BlackTeam "Grasse Echecs"]
[WhiteTeamCountry "FRA"]
[BlackTeamCountry "FRA"]

1. d4 Nf6 2. c4 e6 3. Nc3 Bb4 4. e3 0-0 5. Bd2 Re8 6. Nf3 d6 7. a3 Bxc3 8. Bxc3 Ne4 9. Qc2 Nxc3 10. Qxc3 a5 11. Bd3 Nd7 12. Qc2 h6 13. g4 Qf6 14. Be4 d5 15. cxd5 exd5 16. Bxd5 Nb6 17. Be4 Rxe4 18. Qxe4 Be6 19. Nd2 Bd5 20. Qf5 Qxf5 21. gxf5 Bxh1 22. f3 Bg2 23. Kf2 Bh3 24. e4 Rd8 25. Kg3 Bxf5 26. exf5 Rxd4 27. Nb3 Rd5 28. Rc1 c6 29. Nc5 Rxf5 30. Nxb7 Rg5+ 31. Kf2 Rb5 32. Rxc6 Rxb2+ 33. Kg3 a4 34. Na5 Nd5 35. Rc5 Ne3 36. Kf4 Re2 37. Nc4 g5+ 38. Ke4 Nxc4+ 39. Kd3 Re3+ 40. Kxc4 Rxa3 41. Kb4 Rxf3 42. Kxa4 Rf2 0-1

[Event "EU-ch (Women) 24th"]
[Site "Rhodes"]
[Date "2024.04.23"]
[Round "5"]
[White "Milliet, Sophie"]
[Black "Kulon, Klaudia"]
[Result "1/2-1/2"]
[WhiteElo "2392"]
[BlackElo "2348"]
[PlyCount "151"]
[EventDate "2024.04.19"]
[EventType "swiss"]
[EventRounds "10"]
[EventCountry "GRE"]
[SourceTitle "CBM 219 Extra"]
[Source "ChessBase"]
[SourceDate "2024.05.31"]
[SourceVersion "1"]
[SourceVersionDate "2024.05.31"]
[SourceQuality "1"]

1. e4 e5 2. Nf3 Nc6 3. Bb5 a6 4. Ba4 Nf6 5. 0-0 d6 6. c3 Bd7 7. d4 g6 8. Bc2 Bg7 9. h3 0-0 10. Be3 Nh5 11. Nbd2 Qe8 12. a4 Kh8 13. Nc4 f5 14. dxe5 f4 15. Bd4 dxe5 16. Bc5 Rg8 17. Bb3 Rd8 18. Ncd2 Be6 19. a5 Bf6 20. Bxe6 Qxe6 21. Qb3 Qc8 22. Rfd1 Ng7 23. Qc4 Ne6 24. b4 h5 25. Nh2 Nxc5 26. Qxc5 g5 27. f3 Be7 28. Qc4 Rg6 29. Nb3 Kg7 30. Rd5 Bd6 31. Rad1 Ne7 32. R5d2 Ng8 33. Qe2 Qe6 34. Nc1 Nf6 35. c4 Rh8 36. c5 Be7 37. Nd3 g4 38. fxg4 hxg4 39. Nxg4 Rxg4 40. hxg4 Nxg4 41. Nf2 Ne3 42. Rd7 Kf6 43. R7d3 Nxd1 44. Qxd1 Rg8 45. Rh3 Rg6 46. Qh5 Bf8 47. Qh8+ Kf7 48. Rh5 Bg7 49. Qd8 Qe7 50. Qd5+ Ke8 51. Qxb7 f3 52. Qc8+ Qd8 53. Qxd8+ Kxd8 54. g4 Kd7 55. Rf5 Kc6 56. Rxf3 Kb5 57. Rb3 Kc4 58. Rb2 Bh6 59. Re2 Bg7 60. Rb2 Bh6 61. Re2 Bf4 62. Kg2 Kxb4 63. Kf3 Kc3 64. Ra2 Rf6 65. Ke2 Rh6 66. Ra1 Kd4 67. Kf3 Rf6 68. Ke2 Bg3 69. Rd1+ Kxc5 70. Rd5+ Kc4 71. Nd3 c6 72. Nxe5+ Bxe5 73. Rxe5 Kd4 74. Re8 Rf4 75. g5 Rg4 76. Re6 1/2-1/2

[Event "EU-ch (Women) 24th"]
[Site "Rhodes"]
[Date "2024.04.21"]
[Round "3"]
[White "Starosta, Martyna"]
[Black "Milliet, Sophie"]
[Result "1/2-1/2"]
[WhiteElo "2254"]
[BlackElo "2392"]
[PlyCount "51"]
[EventDate "2024.04.19"]
[EventType "swiss"]
[EventRounds "10"]
[EventCountry "GRE"]
[SourceTitle "CBM 219 Extra"]
[Source "ChessBase"]
[SourceDate "2024.05.31"]
[SourceVersion "1"]
[SourceVersionDate "2024.05.31"]
[SourceQuality "1"]

1. e4 e5 2. Nf3 Nc6 3. Bb5 a6 4. Ba4 Nge7 5. Nc3 d6 6. 0-0 h6 7. Nd5 b5 8. Bb3 Na5 9. d4 Ng6 10. Bd2 c6 11. Bxa5 Qxa5 12. Ne3 Qc7 13. a4 Rb8 14. axb5 axb5 15. Nf5 Nf4 16. Qd2 g6 17. Ne3 Bg7 18. dxe5 dxe5 19. Rfd1 0-0 20. Qd6 Qxd6 21. Rxd6 Ne2+ 22. Kf1 Nd4 23. Nxd4 exd4 24. Nd1 c5 25. Bd5 Bb7 26. Ra7 1/2-1/2

[Event "EU-ch (Women) 24th"]
[Site "Rhodes"]
[Date "2024.04.19"]
[Round "1"]
[White "Isgandarova, Khadija"]
[Black "Milliet, Sophie"]
[Result "0-1"]
[WhiteElo "2102"]
[BlackElo "2392"]
[PlyCount "72"]
[EventDate "2024.04.19"]
[EventType "swiss"]
[EventRounds "10"]
[EventCountry "GRE"]
[SourceTitle "CBM 219 Extra"]
[Source "ChessBase"]
[SourceDate "2024.05.31"]
[SourceVersion "1"]
[SourceVersionDate "2024.05.31"]
[SourceQuality "1"]

1. e4 c5 2. Nf3 e6 3. d3 b5 4. g3 Bb7 5. Bg2 d6 6. 0-0 Nf6 7. Nbd2 Be7 8. Ne1 d5 9. e5 Nfd7 10. f4 0-0 11. Nef3 Nc6 12. Re1 b4 13. Nf1 a5 14. a4 bxa3 15. bxa3 Qc7 16. g4 f6 17. Rb1 fxe5 18. fxe5 Ba6 19. Qe2 Nd4 20. Nxd4 cxd4 21. Bb2 Rac8 22. Bxd4 Qxc2 23. Qxc2 Rxc2 24. Ne3 Rcc8 25. g5 Rf4 26. Bh3 Nf8 27. Nxd5 exd5 28. Be3 Rh4 29. Bxc8 Bxc8 30. Rb8 Be6 31. Rf1 Rg4+ 32. Kf2 Bxa3 33. Bd2 a4 34. Ra8 Bc5+ 35. Be3 Rf4+ 36. Ke2 Bxe3 0-1

[Event "ITA-chT Gp 55th"]
[Site "Vasto"]
[Date "2024.04.12"]
[Round "7.17"]
[White "Sala, Giulia"]
[Black "Milliet, Sophie"]
[Result "1/2-1/2"]
[WhiteElo "1994"]
[BlackElo "2392"]
[PlyCount "181"]
[EventDate "2024.04.12"]
[EventType "team-tourn"]
[EventRounds "7"]
[EventCountry "ITA"]
[SourceTitle "EXT 2025"]
[Source "ChessBase"]
[SourceDate "2024.10.14"]
[SourceVersion "1"]
[SourceVersionDate "2024.10.14"]
[SourceQuality "1"]

1. e4 c5 2. Nf3 d6 3. d4 cxd4 4. Nxd4 Nf6 5. Nc3 Nc6 6. Nb3 g6 7. Bd3 Bg7 8. 0-0 0-0 9. f4 a6 10. a4 Nb4 11. Kh1 Nxd3 12. cxd3 Bg4 13. Qe1 Qb6 14. Ra3 Be6 15. Be3 Qb4 16. Bd2 Bxb3 17. Nd5 Qd4 18. Nxe7+ Kh8 19. Rxb3 Rfe8 20. Rxb7 Qxd3 21. e5 Ne4 22. Bb4 a5 23. Ba3 Qa6 24. Rb5 f5 25. Qh4 dxe5 26. fxe5 Bxe5 27. Rc1 Qf6 28. Qxf6+ Bxf6 29. Nd5 Rac8 30. Rxc8 Rxc8 31. Nc3 Nxc3 32. bxc3 Bxc3 33. Kg1 Rc4 34. Rb8+ Kg7 35. Rb7+ Kf6 36. Bf8 Bd4+ 37. Kf1 Rxa4 38. Bg7+ Ke6 39. Bxd4 Rxd4 40. Rxh7 Rd7 41. Rh6 Kf6 42. Rh4 Ra7 43. Ra4 Ke5 44. g4 fxg4 45. Ke2 Ra6 46. Ke3 Kf5 47. Kf2 Ra8 48. Ke2 Kg5 49. Kf2 Ra6 50. Kg3 Kf5 51. Kf2 Ra7 52. Ke2 Re7+ 53. Kf2 Re5 54. Kg3 g5 55. Kf2 Rb5 56. Kg3 Kg6 57. Ra1 Rc5 58. Ra2 Rd5 59. Ra4 Kf5 60. Ra3 Ke4 61. Kxg4 Kd4 62. Kf3 Kc4 63. Ke4 Kb4 64. Ra1 Rd2 65. Rb1+ Kc3 66. Ra1 Kb4 67. Rb1+ Ka3 68. Ra1+ Ra2 69. Rg1 a4 70. Kd3 Rxh2 71. Rxg5 Kb2 72. Rb5+ Ka2 73. Kc3 Rh8 74. Rc5 a3 75. Kc2 Rb8 76. Rc3 Rb2+ 77. Kc1 Rb1+ 78. Kc2 Rh1 79. Rc8 Rh2+ 80. Kc1 Rh1+ 81. Kc2 Rh3 82. Rc7 Rh2+ 83. Kc1 Ka1 84. Rc3 Rh1+ 85. Kc2 Ka2 86. Rc8 Rh2+ 87. Kc1 Kb3 88. Rb8+ Kc4 89. Kb1 Rb2+ 90. Rxb2 axb2 91. Kxb2 1/2-1/2